Vyhodnotenie možností financovania obstarania dlhodobého majetku v CHEMOLAK, a.s. Smolenice : Diplomová práca

Salvato in:
Dettagli Bibliografici
Autore principale: Kyselicová, Kristína (Autore)
Altri autori: Horváthová, Martina, 1971- (xxx)
Natura: Manoscritto Libro
Lingua:slovacco
Pubblicazione: Trnava : STU v Bratislave MtF KPIM, 2004
Soggetti:
Tags: Aggiungi Tag
Nessun Tag, puoi essere il primo ad aggiungerne!!

MARC

LEADER 00000ntm a22000003a 4500
001 stu89433
005 20160719154612.7
008 040802s2004----xo------------------slo-d
040 |a STU  |b slo 
041 0 |a slo 
044 |a xo 
100 1 |a Kyselicová, Kristína  |4 aut 
245 1 |a Vyhodnotenie možností financovania obstarania dlhodobého majetku v CHEMOLAK, a.s. Smolenice :  |b Diplomová práca 
260 |a Trnava :  |b STU v Bratislave MtF KPIM,  |c 2004 
300 |a 71 s  |c CD 
650 7 |a priemyselné inžinierstvo a manažment  |2 stusub 
700 1 |a Horváthová, Martina,  |d 1971-  |4 xxx  |u M4000  |U MTF Materiálovotechnologická fakulta  |T MTF Ústav priemyselného inžinierstva a manažmentu  |X 1507  |U M4000  |Y 84  |7 A000001507 
996 |b 284M060080  |c M*DP-5282  |l MMSKP  |s P  |a 0  |w stu89433_0001